000 00656nam a2200217 4500
003 OSt
005 20240619082006.0
006 a
008 240619b |||||||| |||| 00| 0 eng d
020 _a9789712359194
040 _aDWCL-Main lib.
_cOC
082 _aFil. 371.26 P156a 2011
100 _aPaler-Calmorin, Laurentina
245 _aAssessment of student learning 1 /
260 _aManila :
_bRex Book Store,
_cc2011.
300 _aviii,
_b183 p. ;
_c26 cm.
504 _aIncludes bibliographical references & index.
650 _a1. Educational tests and measurement.
650 _a2. Educational evaluation.
942 _2ddc
_n0
_cBK - FIL
_kFil.
999 _c920
_d920